LDR 01495nam a2200229 i 4500 001 000000103994 003 CaOOAMICUS 005 20260331105708.0 008 011024s1939 it u000 u ita u 040 $aSeMil$bita 100 1 $aJàcono, Antonio.$0(OLS)http://semarc/name/44106 245 10$aDizionario di esotismi :$bvoci e locuzioni forestiere attinenti all'arte, alla letteratura, alla scienza, allo sport, all'industria, al commercio, alla banca, alla Borsa, alla casa, alla pace, alla guerra : commentate a uso di ogni persona, e recate in italiano con particolare riguardo alla lingua viva /$cAntonio Jàcono. 264 1$aFirenze :$bMarzocco,$c1939. 300 $aLXVI, 466 p. ;$c22 cm. 500 $aSul front. : Premio della Reale Accademia d'Italia (1938). 650 4$aLingua italiana - Dizionari etimologici.$0(OLS)http://semarc/subject/170 650 4$aLingua italiana - Esotismi.$0(OLS)http://semarc/subject/18176 850 $aSeMil 852 $aSeMil$W1$xVenegono$y1$m1P VI 16$j269405$B60441$CSeMilBibl$Z2$F44908 $81 996 $6245$aDizionario di esotismi :$bvoci e locuzioni forestiere attinenti all'arte, alla letteratura, alla scienza, allo sport, all'industria, al commercio, alla banca, alla Borsa, alla casa, alla pace, alla guerra : commentate a uso di ogni persona, e recate in italiano con particolare riguardo alla lingua viva$9(OLS)http://semarc/title/150877 996 $6264$aFirenze :$bMarzocco$9(OLS)http://semarc/publisher/36555